LDR 00954naa#a2200265#i#450# 001 EN\\bibl\117764 005 20260630050205.2 011 ## _a2077-7566 100 ## _a20260629b2026####ek#y0engy0150####ca 101 0# _aRUS 102 ## _aRU 200 1# _aTHE USE OF SPLINT THERAPY FOR TEMPOROMANDIBULAR JOINT DISORDERS AND BRUXISM. A COMPARISON OF CLINICAL GUIDELINES IN RUSSIA AND THE UNITED KINGDOM _eJournal article 210 1# _aEkaterinburg _cTIRAZH Publishing House _d2026 215 ## _a5 с. 608 ## _aJournal article _2local 675 ## _aСтоматология. Заболевания ротовой полости и зубов. 616.31 _zRUS 700 #1 _aNovoseltseva _gVeronica M. 700 #1 _aVagner _gVladimir D. 700 #1 _aZhurina _gArina A. 700 #1 _aMalginov _gNikolay N. 700 #1 _aMurashov _gMikhail A. 700 #1 _aNersesov _gGrigory S. 700 #1 _aPlatonova _gMaria S. 700 #1 _aStepanova _gSvetlana Yu. 856 4# _adental-press.ru _u